<?xml version="1.0" encoding="UTF-8"?><?xml-stylesheet type="text/xsl" href="static/style.xsl"?><OAI-PMH xmlns="http://www.openarchives.org/OAI/2.0/" xmlns:xsi="http://www.w3.org/2001/XMLSchema-instance" xsi:schemaLocation="http://www.openarchives.org/OAI/2.0/ http://www.openarchives.org/OAI/2.0/OAI-PMH.xsd"><responseDate>2026-04-14T08:44:27Z</responseDate><request verb="GetRecord" identifier="oai:www.recercat.cat:2445/44750" metadataPrefix="marc">https://recercat.cat/oai/request</request><GetRecord><record><header><identifier>oai:recercat.cat:2445/44750</identifier><datestamp>2025-12-05T10:58:19Z</datestamp><setSpec>com_2072_1057</setSpec><setSpec>col_2072_478917</setSpec><setSpec>col_2072_478932</setSpec></header><metadata><record xmlns="http://www.loc.gov/MARC21/slim" xmlns:dcterms="http://purl.org/dc/terms/" xmlns:xsi="http://www.w3.org/2001/XMLSchema-instance" xmlns:doc="http://www.lyncode.com/xoai" xsi:schemaLocation="http://www.loc.gov/MARC21/slim http://www.loc.gov/standards/marcxml/schema/MARC21slim.xsd">
   <leader>00925njm 22002777a 4500</leader>
   <datafield ind2=" " ind1=" " tag="042">
      <subfield code="a">dc</subfield>
   </datafield>
   <datafield ind2=" " ind1=" " tag="720">
      <subfield code="a">Navarro Cid, José</subfield>
      <subfield code="e">author</subfield>
   </datafield>
   <datafield ind2=" " ind1=" " tag="720">
      <subfield code="a">Ceja, Lucía</subfield>
      <subfield code="e">author</subfield>
   </datafield>
   <datafield ind2=" " ind1=" " tag="260">
      <subfield code="c">2013-07-12T09:22:18Z</subfield>
   </datafield>
   <datafield ind2=" " ind1=" " tag="260">
      <subfield code="c">2013-07-12T09:22:18Z</subfield>
   </datafield>
   <datafield ind2=" " ind1=" " tag="260">
      <subfield code="c">2011</subfield>
   </datafield>
   <datafield ind2=" " ind1=" " tag="260">
      <subfield code="c">2013-07-12T09:22:18Z</subfield>
   </datafield>
   <datafield ind2=" " ind1=" " tag="520">
      <subfield code="a">Esta investigación se interesó por la dinámica del flujo (flow) en contextos laborales y no laborales con el objetivo de conocer diferencias y semejanzas de dicha experiencia motivacional. Sesenta empleados de ocupaciones variadas contestaron un diario de flujo seis veces al día durante veintiún días consecutivos (6982 registros). Los datos fueron analizados a nivel entre e intra-sujeto y se utilizaron modelos lineales (i.e. regresión lineal) y no lineales (i.e. modelo de catástrofes) para conocer la capacidad predictiva del ajuste reto-habilidades sobre el flujo. Contextos laboral y no laboral han mostrado dos diferencias fundamentales: mayores fluctuaciones en el flujo en el segundo (desviaciones tipo mayores en las variables habilidades, disfrute, interés y absorción) y un significado distinto del reto. Por otro lado, la capacidad de predicción del modelo no lineal ha sido claramente mayor que su homólogo lineal (42% frente al 19%, en el caso del no trabajo; 44% frente a 33% en el trabajo). El flujo, tanto en contextos laborales como no laborales, muestra dinámicas no lineales que combinan cambios graduales y cambios abruptos. La investigación e intervención interesadas en este proceso deberían centrarse en la variable reto que se ha mostrado clave para entender dichas dinámicas complejas en el flujo.</subfield>
   </datafield>
   <datafield tag="653" ind2=" " ind1=" ">
      <subfield code="a">Motivació del personal</subfield>
   </datafield>
   <datafield tag="653" ind2=" " ind1=" ">
      <subfield code="a">Teories no lineals</subfield>
   </datafield>
   <datafield tag="653" ind2=" " ind1=" ">
      <subfield code="a">Mostreig (Estadística)</subfield>
   </datafield>
   <datafield tag="653" ind2=" " ind1=" ">
      <subfield code="a">Employee motivation</subfield>
   </datafield>
   <datafield tag="653" ind2=" " ind1=" ">
      <subfield code="a">Nonlinear theories</subfield>
   </datafield>
   <datafield tag="653" ind2=" " ind1=" ">
      <subfield code="a">Sampling (Statistics)</subfield>
   </datafield>
   <datafield ind2="0" ind1="0" tag="245">
      <subfield code="a">Dinámicas complejas en el flujo: diferencias entre trabajo y no trabajo</subfield>
   </datafield>
</record></metadata></record></GetRecord></OAI-PMH>